La cámara lúcida (Record no. 185535)

MARC details
000 -LEADER
campo de control de longitud fija 00905nam a2200265 i 4500
001 - NÚMERO DE CONTROL
campo de control 185535
003 - IDENTIFICADOR DE NÚMERO DE CONTROL
campo de control SpMaBN
005 - FECHA Y HORA DE LA ÚLTIMA TRANSACCIÓN
campo de control 20250727165602.0
008 - DATOS DE LONGITUD FIJA--INFORMACIÓN GENERAL
campo de control de longitud fija 160629s1992 sp aco |||| | spa d
020 ## - NÚMERO INTERNACIONAL ESTÁNDAR DEL LIBRO
Número Internacional Estándar del Libro 84-7509-621-2
080 ## - NÚMERO DE LA CLASIFICACIÓN DECIMAL UNIVERSAL
Número de la Clasificación Decimal Universal 77
100 1# - ENTRADA PRINCIPAL--NOMBRE DE PERSONA
Nombre de persona Barthes, Roland.
9 (RLIN) 26125
245 13 - MENCIÓN DEL TÍTULO
Título La cámara lúcida
Resto del título : nota sobre la fotografía /
Mención de responsabilidad, etc. Roland Barthes ; [traducción de Joaquim Sala-Sanahuja].
250 ## - MENCION DE EDICION
Mención de edición 2ª ed.
260 ## - PUBLICACIÓN, DISTRIBUCIÓN, ETC.
Lugar de publicación, distribución, etc. Barcelona :
Nombre del editor, distribuidor, etc. Paidós Ibérica,
Fecha de publicación, distribución, etc. 1992.
300 ## - DESCRIPCIÓN FÍSICA
Extensión 207 p. :
Otras características físicas fot., retr. ;
Dimensiones 22 cm.
490 1# - MENCIÓN DE SERIE
Mención de serie Paidós comunicación ;
Designación de volumen o secuencia 43
500 ## - NOTA GENERAL
Nota general Índice de fotógrafos.
504 ## - NOTA DE BIBLIOGRAFÍA, ETC.
Nota de bibliografía, etc. Bibliografía: p. 201-203, 206-207.
650 04 - PUNTO DE ACCESO ADICIONAL DE MATERIA--TÉRMINO DE MATERIA
Término de materia o nombre geográfico como elemento de entrada Fotografía-
Subdivisión general Filosofía
9 (RLIN) 12953
700 1# - ENTRADA AGREGADA--NOMBRE PERSONAL
Nombre de persona Sala Sanahuja, Joaquín.
9 (RLIN) 145090
830 0# - PUNTO DE ACCESO ADICIONAL DE SERIE-TÍTULO UNIFORME
Título uniforme Paidós comunicación ;
Designación de volumen o secuencia 43
9 (RLIN) 177927
852 ## - LOCALIZACIÓN
Ubicación ES-MaACL
Número de control de estantería L-30439
Nota libre . - Donat. Miguel A. Velasco
Holdings
Estatus retirado Estado de pérdida Estado de daño No para préstamo Biblioteca de origen Biblioteca actual Ubicación en estantería Fecha de adquisición Fuente de adquisición Total de préstamos Signatura topográfica completa Código de barras Visto por última vez Precio de reemplazo Tipo de ítem Koha
        Biblioteca del Ateneo de Madrid Biblioteca del Ateneo de Madrid Depósito 2 29/06/2016     L-30439 1195536 23/02/2023 23/02/2023 Libro impreso